Tensors and manifolds : with applications to mechanics and relativity
Αποθηκεύτηκε σε:
| Κύριος συγγραφέας: | |
|---|---|
| Μορφή: | Βιβλίο |
| Γλώσσα: | English |
| Δημοσίευση: |
New York :
Oxford University Press,
1992
|
| Θέματα: | |
| Ετικέτες: |
Προσθήκη ετικέτας
Δεν υπάρχουν, Καταχωρήστε ετικέτα πρώτοι!
|
MARC
| LEADER | 00000nam a2200000 i 4500 | ||
|---|---|---|---|
| 001 | 1/75485 | ||
| 008 | 990513s1992 eng d | ||
| 020 | |a 0-19-506561-1 | ||
| 035 | |l 10049350 | ||
| 040 | |a GR-MY-UA |b gre |e aacr | ||
| 041 | 0 | |a eng | |
| 082 | 0 | |a 530.15563 | |
| 100 | 1 | |a Wasserman, Robert H. | |
| 245 | 1 | 0 | |a Tensors and manifolds : |b with applications to mechanics and relativity / |c Robert H. Wasserman |
| 260 | |a New York : |b Oxford University Press, |c 1992 | ||
| 300 | |a xiv, 409 p.; |c 24 cm. | ||
| 500 | |a Includes bibliographical references and index | ||
| 650 | 0 | 0 | |a Calculus of tensors. |
| 650 | 0 | 0 | |a Manifolds (Mathematics) |
| 650 | 0 | 0 | |a Generalized spaces. |
| 650 | 0 | 0 | |a Mechanics. |
| 650 | 0 | 0 | |a Relativity (Physics) |
| 650 | 0 | 0 | |a Mathematical physics. |
| 852 | |a INST |b SAMOS |e 19990513 |h 530.15563 WAS |p 005300012989 |q 005300012989 |t BK |y 0 | ||
| 901 | |a BIBL3-1999-2 | ||
| 909 | |a Σ |b 063793 | ||
| 922 | |a 3ΕΛΗ |b 199901 |c ΚΠΣ |d GLORY | ||